Actualidad econm̤ica

Detalles Bibliográficos
Formato: Desconocido
Lenguaje:español
Publicado: Madrid : Punto Editorial
Materias:
Acceso en línea:Acceso restringido

MARC

LEADER 00000ny a22000003n 4500
005 20110510151633.0
008 A10410c1957 sp wr p r 0 a0spa d
022 |a 0001-7655 
035 |a 2705 
040 |a BUS  |d vLex 
090 |c 1599  |d 1599 
245 3 0 |a Actualidad econm̤ica  |h [Recurso electrn̤ico] 
256 |a Servicio en ln̕ea 
260 |a Madrid :  |b Punto Editorial 
310 |a Semanal 
650 0 4 |a Economa̕ polt̕ica  |z Espaą  |x Publicaciones perid̤icas 
740 0 |a vLex Revista (Servicios en ln̕ea) 
843 |a Electrn̤ica. Abierta 
853 |8 1  |i (year)  |j (month)  |k (day) 
856 4 0 |z Acceso restringido  |u http://vlex.com/account/login_ip?fuente_id=2705  
942 |c REV